| 000 | 00746cam a2200241 a 4500 | ||
|---|---|---|---|
| 999 |
_c947 _d947 |
||
| 001 | 4272 | ||
| 003 | BD-DhUAP | ||
| 005 | 20200129115125.0 | ||
| 008 | 200129s1995 nyua bs 001 0 eng | ||
| 010 | _a 95161855 | ||
| 020 | _a007011336X | ||
| 040 |
_aDLC _cDLC _bEng _dBD-DhUAP |
||
| 082 | 0 | 0 |
_a330.015195 CLA _223 |
| 100 | 1 | _aClayton, Gary E. | |
| 245 | 1 | 2 |
_aA guide to everyday economic statistics / _cGary E. Clayton and Martin Gerhard Giesbrecht. |
| 250 | _a3rd ed. | ||
| 260 |
_aNew York : _bMcGraw-Hill, _cc1995. |
||
| 300 |
_a135 pages : _billustrations ; _c23 cm. |
||
| 504 | _aIncludes bibliographical references and index. | ||
| 650 | 0 |
_aEconomics _xStatistical methods. |
|
| 700 | 1 | _aGiesbrecht, Martin Gerhard. | |
| 942 |
_2ddc _cBK |
||